Zmeny vyplývajúce z poslednej novelizácie zákona o správe daní a poplatkov

Zákon č. 609/2003 Z.z., ktorým sa mení a dopĺňa procesný zákon o správe daní a poplatkov. Nadväzuje najmä na zmeny daňových zákonov hmotnoprávneho charakteru. Nový sankčný systém. Spresnenia a doplnenia vybraných ustanovení zákona. Zmeny v oblasti daňovej kontroly. Daňové tajomstvo a poskytovanie i...

Descrizione completa

Salvato in:
Dettagli Bibliografici
Autore principale: Kováčová, Lenka
Natura: Capitolo di libro
Lingua:slovacco
Soggetti:
Tags: Aggiungi Tag
Nessun Tag, puoi essere il primo ad aggiungerne!!

MARC

LEADER 00000naa$a2200000$$$4500
001 0005260
005 20231106065742.7
041 0 |a slo 
044 |a SK 
245 1 0 |a Zmeny vyplývajúce z poslednej novelizácie zákona o správe daní a poplatkov  |c aut. Lenka Kováčová 
520 |a Zákon č. 609/2003 Z.z., ktorým sa mení a dopĺňa procesný zákon o správe daní a poplatkov. Nadväzuje najmä na zmeny daňových zákonov hmotnoprávneho charakteru. Nový sankčný systém. Spresnenia a doplnenia vybraných ustanovení zákona. Zmeny v oblasti daňovej kontroly. Daňové tajomstvo a poskytovanie informácií správcami dane. Platenie daní, daňový preplatok, odklad platenia dane alebo povolenia zaplatiť daň v splátkach. Omeškanie s platením dane dlhšie ako 12 mesiacov. Záložné právo. Daňové exekučné konanie. 
610 2 0 |a dane 
610 2 0 |a poplatky 
610 2 0 |a zákony 
610 2 0 |a novelizácia 
610 2 0 |a konanie daňové 
610 2 0 |a konanie exekučné daňové 
610 2 0 |a právo záložné 
610 2 0 |a úľavy daňové 
610 2 0 |a sankcie 
100 1 |a Kováčová, Lenka